Curso de matemáticas aplicadas

Bibliographic Details
Main Author: Borge Martín, José
Format: Section = Libro
Language:Undetermined
Spanish
Published: La Habana Pearson Educación 1976
Subjects:
LEADER 00479nam a2200181Ia 4500
008 240829s9999 xx 000 0 und d
040 |a BIBLIOTECA-RUPAP 512 B732 
041 |a spa 
082 |a 512 B732 
100 1 |a Borge Martín, José 
245 1 0 |a Curso de matemáticas aplicadas 
260 |a La Habana  |b Pearson Educación  |c 1976 
300 |a 298 p. :il. 
650 7 |a ALGEBRA 
650 7 |b  ECUACIONES DIFERENCIALES. I. Tít. 
942 |c BK  |2 ddc 
991 |a TEXTO 
999 |c 7887